Statistics for Australian cities and towns by tourist attractions

Click here to take the quiz!

General Stats

  • This quiz has been taken 44 times
  • The average score is 19 of 45

Answer Stats

Hint Answer % Correct
Bondi BeachSydney
98%
Luna ParkMelbourne
90%
Scarborough BeachPerth
85%
Mt Bartle FereCairns
83%
Roma Street ParklandsBrisbane
83%
Victoria SquareAdelaide
80%
Finke GorgeAlice Springs
78%
Pacific FairGold Coast
76%
Hunter ValleyNewcastle
76%
Telstra TowerCanberra
76%
Mt WellingtonHobart
76%
East Point Military MuseumDarwin
71%
Reef HQTownsville
71%
Tamar ValleyLaunceston
61%
Big BananaCoffs Harbour
54%
Crown Street MallWollongong
51%
Mt PanoramaBathurst
49%
Cable BeachBroome
46%
Lake WeeroonaBendigo
46%
Whitsunday IslandsMackay
44%
Kryal CastleBallarat
44%
Western Plains ZooDubbo
41%
Hume DamAlbury
41%
Murrumbidgee RiverWagga Wagga
39%
Golden GuitarTamworth
37%
Orange WorldMildura
34%
Mt NangarOrange
34%
Cobb and Co MuseumToowoomba
27%
Fraser IslandHervey Bay
22%
Cutta Cutta CavesKatherine
20%
Tatura Wartime CampsShepparton
17%
Blue LakeMt Gambier
17%
Gladstone SquarePort Augusta
15%
Chaffey TheatreRenmark
12%
Granite IslandVictor Harbour
10%
Hummock Hill LookoutWhyalla
10%
Flagstaff Hill Maritime MuseumWarrnambool
10%
Martin Bend ReserveBerri
10%
Boston IslandPort Lincoln
10%
Lake BonneyBarmera
5%
Lake AlbertMeningie
5%
Diamantina RiverBirdsville
5%
Mount ArapilesHorsham
5%
Steam Ranger RailwayMt Barker
0%
Coward Springs CampgroundWilliam Creek
0%

Score Distribution

Percentile by Number Answered

Percent of People with Each Score

Your Score History

You have not taken this quiz